| 000 | 00615nam a22001937a 4500 | ||
|---|---|---|---|
| 003 | OSt | ||
| 005 | 20260427040656.0 | ||
| 008 | 260427b |||||||| |||| 00| 0 eng d | ||
| 020 | _a978-971-42-1015-8 | ||
| 040 |
_aDWCL Main Lib. _cOC |
||
| 082 | _aFil. 499.211 M266d 2013 | ||
| 245 |
_aDaloy ng mithi : _bwika at panitikan 10 / |
||
| 250 | _aIkalawang edisyon. | ||
| 260 |
_aQuezon City : _bTrinitas Publishing House, _cc2013. |
||
| 300 |
_aix, 443 pages : _billustrations ; _c26 cm. |
||
| 504 | _aIncludes bibliographical references. | ||
| 650 | _a1. Filipino--Study and Teaching. | ||
| 942 |
_2ddc _cBK - FIL _n0 |
||
| 999 |
_c9905 _d9905 |
||